| 000 -LEADER |
| fixed length control field |
00698nam a22000977a 4500 |
| 008 - FIXED-LENGTH DATA ELEMENTS--GENERAL INFORMATION |
| fixed length control field |
200803b ||||| |||| 00| 0 eng d |
| 100 ## - MAIN ENTRY--AUTHOR'S NAME |
| Author's Name |
Goodkind, Henry |
| 245 ## - TITLE STATEMENT |
| Title |
United States RF (French) overprints 1944-45, on air mail stamps and stationery |
| 260 ## - PUBLICATION, DISTRIBUTION, ETC. (IMPRINT) |
| Place of publication, distribution, etc. |
New York |
| Name of publisher, distributor, etc. |
Collectors Club |
| Date of publication, distribution, etc. |
1958 |
| 650 ## - TOPICAL TERM (Tag) |
| Topical term or geographic name |
United States | Air Mail | France | Overprints and Surcharges -- RF | 1944-1945 | Errors and Varieties | Printing | Production | Postal Markings | Postal Markings -- Naval | Covers -- Naval | Postal History | Forgeries and Counterfeits | Covers | Bogus and Fraudulent | Censored Mail | World War II, 1939-1945 | Prices and Values | Catalogs and Price Lists | Rare Issues and Covers | Bibliographies |